Manažment podniku v krízových podmienkach dizertačná práca

Guardado en:
Detalles Bibliográficos
Autor principal: Barátová, Veronika
Autor Corporativo: Fakulta podnikového manažmentu EU. Katedra manažmentu
Otros Autores: Grznár, Miroslav
Formato: Libro
Lenguaje:eslovaco
Publicado: Bratislava 2012
Materias:
Etiquetas: Agregar Etiqueta
Sin Etiquetas, Sea el primero en etiquetar este registro!

MARC

LEADER 00000nbm a2200000 4500
001 0157651
005 20240502072743.0
041 0 |a slo 
044 |a SK 
245 1 0 |a Manažment podniku v krízových podmienkach  |b dizertačná práca  |c Veronika Barátová ; školiteľ: Miroslav Grznár 
264 1 |a Bratislava  |c 2012 
300 |a 159 s. 
610 2 0 |a manažment krízový 
610 2 0 |a riadenie ľudských zdrojov 
610 2 0 |a plánovanie 
610 2 0 |a kríza podniku 
610 2 0 |a kríza hospodárska 
610 2 0 |a kríza finančná 
100 1 |a Barátová, Veronika 
700 1 |a Grznár, Miroslav 
710 2 |a Fakulta podnikového manažmentu EU. Katedra manažmentu